000 00523cam a22002171 4500
001 sa 67005317
003 DLC
005 20260227112356.0
008 891030t19671966ii 000 1 hino
010 _asa 67005317
035 _a(OCoLC)20572141
040 _aDLC
_cWaU
_dDLC
042 _apremarc
050 0 0 _aPK2098.39.I57
_bS9
100 1 _aSinha, Shuresh,
_d1940-
245 1 0 _aSubaha an̐dhere patha para.
260 _c[1967, c1966]
300 _a416 p.
_c19 cm.
500 _aIn Hindi.
500 _aA novel.
999 _c75113
_d75113